Normal view
MARC view
- الجوهري، أحمد عبد الكريم
Entry Personal Name
001 - CONTROL NUMBER
- control field: 46082
003 - CONTROL NUMBER IDENTIFIER
- control field: JO-AjAnu
005 - DATE AND TIME OF LATEST TRANSACTION
- control field: 20230606081622.0
008 - FIXED-LENGTH DATA ELEMENTS
- fixed length control field: 230606|| aca||aabn | a|a d
040 ## - CATALOGING SOURCE
- Original cataloging agency: JO-AjAnu
- Transcribing agency: JO-AjAnu
100 ## - HEADING--PERSONAL NAME
- Personal name: الجوهري، أحمد عبد الكريم
670 ## - SOURCE DATA FOUND
- Source citation: Work cat.: (JO-AjAnu)23590: الجوهري، أحمد عبد الكريم, author, النقش العجيب: موسى عليه السلام والمسيح الدجال في أغرب وأعجب قطعة أثرية والموجودة في دولة الإمارات العربية المتحدة